A typology of child abduction events
Purpose. This study examined the offence of child abduction in England and Wales. Specifically, the relationship of perpetrator to victim and motivation of the perpetrator were considered. It was hypothesized that discrete types of child abduction would be identifiable. Methods. The sample consisted...
| Authors: | ; |
|---|---|
| Format: | Electronic Article |
| Language: | English |
| Published: |
2002
|
| In: |
Legal and criminological psychology
Year: 2002, Volume: 7, Issue: 1, Pages: 115-120 |
| Online Access: |
Volltext (lizenzpflichtig) Volltext (lizenzpflichtig) |
| Check availability: | HBZ Gateway |
MARC
| LEADER | 00000caa a22000002c 4500 | ||
|---|---|---|---|
| 001 | 1847415105 | ||
| 003 | DE-627 | ||
| 005 | 20230616145710.0 | ||
| 007 | cr uuu---uuuuu | ||
| 008 | 230605s2002 xx |||||o 00| ||eng c | ||
| 024 | 7 | |a 10.1348/135532502168423 |2 doi | |
| 035 | |a (DE-627)1847415105 | ||
| 035 | |a (DE-599)KXP1847415105 | ||
| 040 | |a DE-627 |b ger |c DE-627 |e rda | ||
| 041 | |a eng | ||
| 084 | |a 2,1 |2 ssgn | ||
| 100 | 1 | |a Erikson, Matt |e VerfasserIn |4 aut | |
| 245 | 1 | 2 | |a A typology of child abduction events |
| 264 | 1 | |c 2002 | |
| 336 | |a Text |b txt |2 rdacontent | ||
| 337 | |a Computermedien |b c |2 rdamedia | ||
| 338 | |a Online-Ressource |b cr |2 rdacarrier | ||
| 520 | |a Purpose. This study examined the offence of child abduction in England and Wales. Specifically, the relationship of perpetrator to victim and motivation of the perpetrator were considered. It was hypothesized that discrete types of child abduction would be identifiable. Methods. The sample consisted of all offenders convicted of child abduction between 1993 and 1995 identified by the Offenders Index. For each conviction further data were gathered from police records at New Scotland Yard. The resulting sample comprised 149 offenders. These offenders were categorized in terms of relationship to victim and motivation. Results. Four different motivational types of child abduction were identified: sexual, custodial, maternal desire, and ‘other’. The majority of child abductions were sexually motivated, and most child abductions involved female victims. Conclusions. Offence categories are useful for summarizing criminal data but mask factors such as relationship of the perpetrator to the victim, and motivation. | ||
| 700 | 1 | |a Friendship, Caroline |e VerfasserIn |4 aut | |
| 773 | 0 | 8 | |i Enthalten in |t Legal and criminological psychology |d Hoboken, NJ [u.a.] : Wiley, 1996 |g 7(2002), 1, Seite 115-120 |h Online-Ressource |w (DE-627)320441695 |w (DE-600)2005001-X |w (DE-576)090886615 |x 2044-8333 |7 nnas |
| 773 | 1 | 8 | |g volume:7 |g year:2002 |g number:1 |g pages:115-120 |
| 856 | 4 | 0 | |u https://doi.org/10.1348/135532502168423 |x Resolving-System |z lizenzpflichtig |3 Volltext |7 1 |
| 856 | 4 | 0 | |u https://onlinelibrary.wiley.com/doi/abs/10.1348/135532502168423 |x Verlag |z lizenzpflichtig |3 Volltext |7 1 |
| 951 | |a AR | ||
| ELC | |a 1 | ||
| LOK | |0 000 xxxxxcx a22 zn 4500 | ||
| LOK | |0 001 4329386119 | ||
| LOK | |0 003 DE-627 | ||
| LOK | |0 004 1847415105 | ||
| LOK | |0 005 20230605143908 | ||
| LOK | |0 008 230605||||||||||||||||ger||||||| | ||
| LOK | |0 040 |a DE-2619 |c DE-627 |d DE-2619 | ||
| LOK | |0 092 |o n | ||
| LOK | |0 852 |a DE-2619 | ||
| LOK | |0 852 1 |9 00 | ||
| LOK | |0 935 |a krzo | ||
| LOK | |0 939 |a 05-06-23 |b l01 | ||
| ORI | |a SA-MARC-krimdoka001.raw | ||
